| 000 | 00469nam a2200169 i 4500 | ||
|---|---|---|---|
| 001 | 000018263 | ||
| 005 | 20200929165427.0 | ||
| 008 | 760322s1975 fr 000 0 fre | ||
| 020 | _a0777701677 | ||
| 040 |
_aDO-SdBNP _bspa _cBNPHU |
||
| 082 |
_axxxx _bK19a |
||
| 100 | 1 |
_aKattan, Naim. _d1928- _939556 |
|
| 245 | 1 | 0 |
_aAdieu, Babylone : _broman / _cNaim Kattan. |
| 260 |
_aMontreal : _bLa Presse, _c1975. |
||
| 300 |
_a238 p. ; _c21 cm. |
||
| 590 | _aInventariado, 2019 /LP | ||
| 999 |
_c17784 _d17784 |
||